Koleksi ucapan Mahathir (Julai 1995 - Disember 1996)

Bibliographic Details
Main Author: MAHATHIR bin Mohamad 1925-
Other Authors: Razali Kidam , 1959-
Format: Book
Published: Kuala Lumpur : Jabatan Penerangan Malaysia , 1997
Series:Siri ucapan penting
Subjects:

MARC

LEADER 00000cam a2200000 7i4500
001 0000002242
005 20030415.0
020 0 0 |a 9835400997 
090 0 0 |a 959.5054   |b MAH 1997 
100 0 0 |a MAHATHIR bin Mohamad   |f Dato' Seri   |c 1925- 
245 1 0 |a Koleksi ucapan Mahathir (Julai 1995 - Disember 1996)   |c disusun oleh Razali Kidam 
260 0 0 |a Kuala Lumpur :   |b Jabatan Penerangan Malaysia ,   |c 1997 
300 |a xiii, 369 p. ;   |c 26 cm. 
440 0 0 |a Siri ucapan penting 
650 0 0 |a Speeches, addresses, etc. 
651 0 0 |a Malaysia   |x Economic conditions 
651 0 0 |a Malaysia   |x Foreign relations 
651 0 0 |a Malaysia   |x Politics and government 
651 0 0 |a Malaysia   |x Social conditions 
700 0 1 |a Razali Kidam ,   |c 1959- 
998 |a JPSM 
999 |a 0000003943   |b Monograph   |c Open Shelf   |e Default branch